00611nam a2200169Ia 450000500170000000800410001702000180005808200130007610000150008924500540010426001030015830000130026150000510027494200060032595200950033199900150042620250624033605.0240331s9999 xx 000 0 und d a9789551468125 bFERa340 aFernando,B 0aRate neethiya muhuna dena thathkaleena abhiyogaya aSri LankabPeople's Alliance to eliminate Torture in Sri Lanka asian Human Rights Commissionc2007 a158 p ., aThe Current Challenge facing the country's law cL 001040708LaWERCLbWERCLcSSCd2024-03-31l0o 340 FERp6183r2024-03-31w2024-03-31yL c5225d5225